000 01011nam a22002417a 4500
999 _c8830
_d8830
003 AR-CdUCM
008 190326b ||||| |||| 00| 0 spa d
020 _a84-89303-20-7
040 _aMUNICIPALIDAD PROVINCIAL DEL CUSCO
_cBIBLIOTECA MUNICIPAL DEL CUSCO
082 _a985.008 /
_bW86
100 _aRostworowski de Diez Canseco, María
_97375
245 _aPachacamac y el Señor de los Milagros :
_bUna trayectoria Milenaria /
260 _aLima :
_bIEP Ediciones ;
_c1992.
300 _a214 páginas ;
_bIlustraciones, fotografías, mapas
_c24cm
440 _aSerie Andina
_n19
_924589
505 _aContenido: El dios Pachacamac -- Atributos de Pachacamac y animales relacionados con su culto -- Mujeres, hijos y hermanos de Pachacamac -- Ramificaciones del culto a Pachacamac -- El señorío de Ychsma - Pachacamac...
650 _aHistoria
_9136
650 _aPachacamac
_924590
650 _aReligión
_91195
710 _aInstituto de Estudios Peruanos
_936
942 _2ddc
_cLIBROS
945 _anom